Chronologický zoznam právnych predpisov upravujúcich problematiku štátnej správy a samosprávy v SR.
Právne predpisy vyhlásené v Zbierke zákonov Českej a Slovenskej Federatívnej Republiky upravujúce problematiku štátnej správy a územnej samosprávy v Slovenskej republike, vydané po 17. novembri 1989.
Salvato in:
| Natura: | Capitolo di libro |
|---|---|
| Lingua: | slovacco |
| Soggetti: | |
| Tags: |
Nessun Tag, puoi essere il primo ad aggiungerne!!
|
MARC
| LEADER | 00000naa a2200000 4500 | ||
|---|---|---|---|
| 001 | r011716 | ||
| 005 | 20220831085528.6 | ||
| 041 | 0 | |a slo | |
| 044 | |a [CS] | ||
| 245 | 1 | 0 | |a Chronologický zoznam právnych predpisov upravujúcich problematiku štátnej správy a samosprávy v SR. |
| 520 | |a Právne predpisy vyhlásené v Zbierke zákonov Českej a Slovenskej Federatívnej Republiky upravujúce problematiku štátnej správy a územnej samosprávy v Slovenskej republike, vydané po 17. novembri 1989. | ||
| 610 | 2 | 0 | |a správa štátna |
| 610 | 2 | 0 | |a správa miestna |
| 610 | 2 | 0 | |a predpisy právne |
| 610 | 2 | 0 | |a zákony |
| 610 | 2 | 0 | |a ČSFR |
| 610 | 2 | 0 | |a Slovensko |
| 610 | 2 | 0 | |a 1989-1992 |